Crisis de Hegemonía de Estados Unidos /
El autor plantea cómo la cultura latinoamericana impacta a Estados Unidos y cómo en el periodo de dominación fordista introduce transformaciones que influyen sobre el estilo de vida de ese país. Tal es el caso de los obreros latinoamericanos que emigran a esa nación son portadores de nuevas formas d...
Salvato in:
| Autore principale: | |
|---|---|
| Altri autori: | , , , , , , , , , |
| Natura: | Sconosciuto |
| Pubblicazione: |
México, D. F:
CLACSO. Siglo Ventiuno Editores
|
| Soggetti: | |
| Tags: |
Aggiungi Tag
Nessun Tag, puoi essere il primo ad aggiungerne!!
|
MARC
| LEADER | 00000 a2200000 04500 | ||
|---|---|---|---|
| 001 | 37303 | ||
| 003 | |||
| 008 | 991231s d | ||
| 040 | |||
| 020 | |a 978-968-23-2676-9 | ||
| 022 | |a 978-968-23-2676-9 | ||
| 090 | |a US.0003 C932c | ||
| 100 | |a Castillo Fernéndez, Didímo | ||
| 245 | |a Crisis de Hegemonía de Estados Unidos / |c Didímo Castillo Fernéndez | ||
| 260 | |a México, D. F: |b CLACSO. Siglo Ventiuno Editores | ||
| 520 | |a El autor plantea cómo la cultura latinoamericana impacta a Estados Unidos y cómo en el periodo de dominación fordista introduce transformaciones que influyen sobre el estilo de vida de ese país. Tal es el caso de los obreros latinoamericanos que emigran a esa nación son portadores de nuevas formas de expresión y de una rica experiencia histórica que integran en su país adoptivo | ||
| 650 | |a MIGRACION | ||
| 650 | |a INTEGRACION CULTURAL | ||
| 650 | |a LATINOAMERICANOS | ||
| 650 | |a ESTADOS UNIDOS | ||
| 700 | |a Caputo Leiva, Orlando | ||
| 700 | |a Grobart Sunchine, Fabio | ||
| 700 | |a Hernández Martínez, Jorge | ||
| 700 | |a I.Canales, Alejandro | ||
| 700 | |a Martins, Carlos Eduardo | ||
| 700 | |a Priestley, George | ||
| 700 | |a Quintero Rivera, Ängen G. | ||
| 700 | |a Salinas Figueredo, Darío | ||
| 700 | |a Suárez Salazar, Luis | ||
| 700 | |a Toro Pérez | ||
| 999 | |c 11950 |d 11950 | ||



